000 00959nam a2200253 i 4500
003 DO-SdBNP
005 20241015150856.0
007 ta
008 241015b1922 dr ||||| |||| 00| 0 spa d
040 _aDO-SdBNP
_bspa
_cBNPHU
_erda
049 _aBNPD
082 4 _axxx
_bxxx
_222
100 _956059
111 2 _aConferencia lo que significaría para el pueblo dominicano la ratificación de los actos del gobierno Militar Norteamericano
_cSantiago de los Caballeros
_d25 Junio 1922.
_986705
245 0 0 _aConferencia dictada por el Doctor Américo Lugo en el Teatro Colón /
_cRicardo Hernández.
264 4 _aSanto Domingo :
_bEditora Universidad Regional, Instituto Tecnológico del Cibao Oriental (ITECO),
_c1998.
300 _a16 páginas ;
_c18 cm.
336 _atexto
_btxt
_2rdacontent
337 _asin mediación
_bn
_2rdamedia
338 _avolumen
_bnc
_2rdacarrier
590 _aInventariado, 2024/BT
910 _aBtavárez
942 _2ddc
_cLF2
999 _c57876
_d57876